<?xml version="1.0" encoding="UTF-8"?><?xml-stylesheet type="text/xsl" href="static/style.xsl"?><OAI-PMH xmlns="http://www.openarchives.org/OAI/2.0/" xmlns:xsi="http://www.w3.org/2001/XMLSchema-instance" xsi:schemaLocation="http://www.openarchives.org/OAI/2.0/ http://www.openarchives.org/OAI/2.0/OAI-PMH.xsd"><responseDate>2026-04-27T12:26:48Z</responseDate><request verb="GetRecord" identifier="oai:uvadoc.uva.es:10324/7622" metadataPrefix="marc">https://uvadoc.uva.es/oai/request</request><GetRecord><record><header><identifier>oai:uvadoc.uva.es:10324/7622</identifier><datestamp>2021-06-29T10:16:56Z</datestamp><setSpec>com_10324_38</setSpec><setSpec>col_10324_852</setSpec></header><metadata><record xmlns="http://www.loc.gov/MARC21/slim" xmlns:doc="http://www.lyncode.com/xoai" xmlns:xsi="http://www.w3.org/2001/XMLSchema-instance" xmlns:dcterms="http://purl.org/dc/terms/" xsi:schemaLocation="http://www.loc.gov/MARC21/slim http://www.loc.gov/standards/marcxml/schema/MARC21slim.xsd">
<leader>00925njm 22002777a 4500</leader>
<datafield tag="042" ind1=" " ind2=" ">
<subfield code="a">dc</subfield>
</datafield>
<datafield tag="720" ind1=" " ind2=" ">
<subfield code="a">Bordón González, María Nazareht</subfield>
<subfield code="e">author</subfield>
</datafield>
<datafield tag="260" ind1=" " ind2=" ">
<subfield code="c">2014</subfield>
</datafield>
<datafield tag="520" ind1=" " ind2=" ">
<subfield code="a">El aprendizaje por indagación pretende que los estudiantes sean capaces de desarrollar un pensamiento crítico mediante la adquisición de conocimientos científicos. El tratamiento de la ciencia en el aula necesita un cambio que implique a los alumnos y avive la chispa necesaria para conectar su aprendizaje escolar con la vida cotidiana. El profesor proporcionará las pautas para que observen su realidad inmediata y comiencen a ser críticos y selectivos con las indagaciones realizadas. La sociedad debe decidir qué ciencia se enseña en los distintos cursos elementales y obligatorios para que no solo proporcione una formación básica en el ámbito científico, sino que propicie un desarrollo integral del individuo permitiéndole desenvolverse sin dificultad en el mundo actual.</subfield>
</datafield>
<datafield tag="024" ind2=" " ind1="8">
<subfield code="a">http://uvadoc.uva.es/handle/10324/7622</subfield>
</datafield>
<datafield ind1=" " ind2=" " tag="653">
<subfield code="a">Aprendizaje por descubrimiento</subfield>
</datafield>
<datafield ind1=" " ind2=" " tag="653">
<subfield code="a">Astronomía-Estudio y enseñanza</subfield>
</datafield>
<datafield tag="245" ind1="0" ind2="0">
<subfield code="a">Aprendizaje por indagación: la misteriosa bóveda celeste</subfield>
</datafield>
</record></metadata></record></GetRecord></OAI-PMH>